| 000 | 00870nam a22001935i 4500 | ||
|---|---|---|---|
| 001 | 178699 | ||
| 003 | ES-MaACL | ||
| 005 | 20230906220604.0 | ||
| 008 | 110610s1973 sp |||| | spa d | ||
| 080 | _a929 Bravo de Sobremonte, Gaspar | ||
| 100 | 1 |
_aGarcía Pérez, Herminio. _955107 |
|
| 245 | 1 | 0 |
_aEstudio biográfico y aspectos toco-ginecológicos del Dr. Gaspar Bravo de Sobremonte / _cresumen de la tesis presentada para aspirar al grado de doctor en medicina por Herminio García Pérez. |
| 260 |
_aBarcelona : _bUniversidad de Barcelona, Secretariado de Publicaciones, Intercambio Científico y Extensión Universitaria : _bIvern, _c1973. |
||
| 300 |
_a17 p. ; _c24 cm. |
||
| 500 | _aCub. tomada como port. | ||
| 600 | 1 | 4 |
_aBravo de Sobremonte, Gaspar. _9147142 |
| 710 | 2 |
_aUniversidad de Barcelona. _97141 |
|
| 852 |
_aES-MaACL _jE-15361 (106) _xOlim P-1374 |
||
| 999 |
_c178699 _d178699 |
||